000 00759nam a2200289Ia 4500
005 20260324112433.0
008 008 260324s9999 xx 000 0 eng d
020 _a9781003424253
037 _aEBOOK
040 _aCRL
040 _beng
040 _cCRL
041 _2eng
041 _aeng
084 _qCRL
100 _aRosemary Ricciardelli; Joy C. MacDermid; Lorna Ferguson
_91142689
245 0 _aOccupational Stress Injuries
245 0 _bOperational and Organizational Stressors Among Public Safety Personnel
260 _bTaylor and Francis
260 _c2024
365 _a
365 _b220
856 _uhttp://www.taylorfrancis.com/books/9781003424253
942 _cEBOOK
999 _c1731895
_d1731895